| 000 | 00457nam a22001337a 4500 | ||
|---|---|---|---|
| 020 | _a086587946X | ||
| 082 |
_a628.3 _bCHE/WA |
||
| 100 |
_aCheremisinoff, Nicholas P _9201 |
||
| 245 | _aWastewater and Biosolids Treatment Technologies:The Comprehensive Reference for Plant Managers and Operators | ||
| 260 |
_aMary land, USA _bABC Consulting Government Institutes _c2003 |
||
| 300 | _a344 | ||
| 650 |
_aSewage Purification _aSewage sludge _9562 |
||
| 942 | _cBK | ||
| 999 |
_c14166 _d14166 |
||